000 00680cam a22002291 4500
001 BD-DhSAU 5735
003 BD-DhSAU
005 20150419120604.0
008 750805s1952 nyua rb 001 0 eng
040 _aBD-DhSAU
082 _a591
_222
_bWEL
100 1 _aWelch, Paul Smith,
_d1882-
245 1 0 _aLimnology /
_cby Paul S. Welch
250 _a2nd ed.
260 _aNew York :
_aLondon :
_bMcGraw-Hill Book Company, inc.,
_cc1952.
300 _axiv, 538 p.
_bill. ;
_c24 cm.
440 0 _aMcGraw-Hill publications in the zoological sciences
504 _aIncludes bibliographical references and index.
590 _ajoy
650 0 _aFreshwater biology.
650 0 _aLakes.
942 _2ddc
_cBOOK
999 _c5735
_d5735